Score 0/22 Timer 10:00
0 Plays Today
% Correct
Beauty and the Beast
99.1%
Dirty Dancing
97.5%
Cinderella
93.7%
The King and I
87.6%
The Sound of Music
87.3%
Sleeping Beauty
82%
Pride & Prejudice
66.7%
The English Patient
64.2%
Singin' in the Rain
62.6%
Top Hat
49.2%
Silver Linings Playbook
48.1%
% Correct
An American in Paris
46.2%
White Christmas
32.8%
Brigadoon
32%
Strictly Ballroom
32%
Funny Face
28.9%
The Gay Divorcee
15%
Swing Time
14.6%
The Band Wagon
11.5%
The Barkleys of Broadway
9.4%
Follow the Fleet
8.6%
The Story of Vernon and Irene Castle
7.6%
Remove Ads.
Support Sporcle.
Get the best of Sporcle when you Go Orange. This ad-free experience offers more features, more stats, and more fun while also helping to support Sporcle. Thank you for becoming a member.

You're not logged in!

Compare scores with friends on all Sporcle quizzes.
OR
Log In

Show Comments

Extras

Top Quizzes Today


Score Distribution

Your Account Isn't Verified!

In order to create a playlist on Sporcle, you need to verify the email address you used during registration. Go to your Sporcle Settings to finish the process.

Report this User

Report this user for behavior that violates our Community Guidelines.

Details: